| 000 | 00341nam a2200097Ia 4500 | ||
|---|---|---|---|
| 008 | 180130s9999 xx 000 0 und d | ||
| 245 |
_cZeller, A. _aMining apps for anomalies |
||
| 260 | _c2016 | ||
| 300 | _aBook title: Perspectives on data science for software engineering--Acession number C20893; pages 37-42 | ||
| 650 | _aSOFTWARE ENGINEERING | ||
| 999 |
_c354286 _d354286 |
||